Super Mario Kart Tracks - Statistics

General Stats
  • This quiz has been taken 74 times
  • The average score is 19 of 20
Answer Stats
Cup Tracks % Correct
Mushroom Cup Donut Plains 1
100%
Flower Cup Donut Plains 2
100%
Special Cup Donut Plains 3
100%
Special Cup Rainbow Road
98%
Mushroom Cup Bowser Castle 1
96%
Flower Cup Bowser Castle 2
96%
Star Cup Bowser Castle 3
96%
Mushroom Cup Mario Circuit 1
96%
Mushroom Cup Mario Circuit 2
96%
Flower Cup Mario Circuit 3
96%
Star Cup Mario Circuit 4
96%
Mushroom Cup Ghost Valley 1
93%
Flower Cup Ghost Valley 2
93%
Special Cup Ghost Valley 3
93%
Flower Cup Choco Island 1
91%
Star Cup Choco Island 2
91%
Star Cup Koopa Beach 1
91%
Special Cup Koopa Beach 2
91%
Star Cup Vanilla Lake 1
87%
Special Cup Vanilla Lake 2
87%
No matching quizzes found
Score Distribution
Percent of People with Each Score
Percentile by Number Answered
Your Score History
You have not taken this quiz